LIBRARY & INFORMATION CENTRE, KCAET, TAVANUR

ONLINE PUBLIC ACCESS CATALOGUE (OPAC)

Theory and problems of Laplace transforms / (Record no. 1955)

MARC details
000 -LEADER
fixed length control field 00557cam a2200217ua 4500
041 ## - LANGUAGE CODE
Language code of text/sound track or separate title eng
082 ## - DEWEY DECIMAL CLASSIFICATION NUMBER
Classification number 515.723
Item number SPI/TH
100 ## - MAIN ENTRY--AUTHOR NAME
Personal name Spiegel, Murray R .
245 ## - TITLE STATEMENT
Title Theory and problems of Laplace transforms /
250 ## - EDITION STATEMENT
Edition statement 1 /
260 ## - PUBLICATION, DISTRIBUTION, ETC. (IMPRINT)
Place of publication New York :
Name of publisher Mc Graw Hill Book Company ,
Year of publication 1986.
300 ## - PHYSICAL DESCRIPTION
Number of Pages 261 ; .
500 ## - GENERAL NOTE
General note *CSS
942 ## - ADDED ENTRY ELEMENTS (KOHA)
Koha item type Books
Holdings
Withdrawn status Lost status Damaged status Home library Current library Date acquired Full call number Accession Number Koha item type
      KAUAET KAUAET 07/04/2012 515.723 18344 Book Bank scheme for SC students
      KAUAET KAUAET 07/04/2012 515.723 17750 Books
Withdrawn     KAUAET KAUAET 07/04/2012 515.723 18343 Book Bank scheme for SC students
free website counter